Statistics for Maya Hawke - Blue Hippo (Lyrics)

Click here to take the quiz!

General Stats

  • This quiz has been taken 5 times
  • The average score is 186 of 238

Answer Stats

Answer% Correct
a
100%
and
100%
at
100%
bed
100%
black
100%
blonde,
100%
Blue
100%
bone
100%
cave
100%
child
100%
cliff
100%
comb
100%
Come
100%
fact
100%
fingers
100%
for
100%
head
100%
her
100%
hippo
100%
I
100%
I'm
100%
in
100%
into
100%
knots
100%
like
100%
matter
100%
me
100%
me,
100%
my
100%
nails
100%
not
100%
of
100%
on
100%
plastic
100%
pressed
100%
Pressed
100%
problem
100%
sat
100%
search
100%
she
100%
She
100%
Start
100%
Tackled
100%
tame
100%
the
100%
to
100%
To
100%
try
100%
with
100%
Your
100%
your
100%
across
50%
Bathe
50%
belly,
50%
bit
50%
Drag
50%
dress
50%
dry
50%
fight
50%
flexibility
50%
fool
50%
hats
50%
heels
50%
it
50%
Let
50%
let
50%
made
50%
off
50%
open
50%
out
50%
palm
50%
petal
50%
pipes
50%
Pull
50%
rabbits
50%
really
50%
running
50%
sandman,
50%
show
50%
side
50%
sky
50%
slyly
50%
sorry
50%
step,
50%
swan
50%
tangle,
50%
thought
50%
through
50%
tries
50%
up
50%
Want
50%
was
50%
Was
50%
water
50%
whale
50%
What
50%
what's
50%
backs
0%
bellowed
0%
Catch
0%
Cured
0%
while
0%
eye
0%
habits,
0%
knees
0%
one
0%
read
0%
ride
0%
rile
0%
salt
0%
skyward
0%
street
0%
tells
0%
tight
0%
unlettered
0%
wicked,
0%

Score Distribution

Percentile by Number Answered

Percent of People with Each Score

Your Score History

You have not taken this quiz